000 00843cab a2200229 4500
001 WB3444-17
008 090401t1998 xxu||||| |||| 00| 0 eng d
035 _a(Sirsi) u89815
041 _aeng
245 _aGetting ready for the euro
260 _c1998
350 _a0
490 _aHM Treasury Press Release
_v(189) 12 November 1998 (7)
520 _aSmall and medium sized enterprises in the south east and east midlands have been the most responsive to the Treasury campaign to raise awareness of the introduction of the euro on 1 January 1999. Twelve regional euro forums have been established to coordinate advice to local businesses. Contact points.
650 _aAWARENESS
650 _aEURO FORUMS
650 _aEURO
650 _aSINGLE CURRENCY
690 _aEUROPE-SINGLE MARKET
942 _n0
948 _c19/11/1998
999 _c56854
_d56854